000 01009nas a2200349 4500
001 BR2015002707
003 BR-BrBNA
005 20231205125311.0
007 ta
008 230509b bl.|||p| |||| 00| 00por d
040 _aBR-BrBNA
_bpor
_cBiblioteca Nacional de Agricultura
041 _a(En)
072 _aQ03; Q02
100 1 _aJavorski, C.R.
100 1 _aZambom, M.A.
100 1 _aPozza, M.S. dos S.
100 1 _aFernandes, T.
100 1 _aCastagnara, D.D.
100 1 _aPaladini, S.
100 1 _aTinini, R.C. dos R.
100 1 _aNeres, M.A.
245 1 _aStoking residue from extraction of cassava starch without the use of storage technologies
650 _aMANDIOCA
650 _aARMAZENAMENTO
650 _aRESÍDUO
650 _aAMIDO
650 _aANÁLISE QUÍMICA
650 _aMICOTOXINA
773 0 _tCiência Rural (Brazil)
_xISSN 0103-8478
_g(Mar 2015), v. 45(3) p. 405-411
_wBR2015002707
909 _a202311
_bLúcia
_c55
_dLúcia Elande
942 _2AGRIS
_n0
_cANA
999 _c243688
_d243688